000 00492nam a2200181Ia 4500
001 8169
005 20260306160549.0
008 260306t2012||||xx |||||||||||||| ||spa||
041 _aESP
082 _a370.115
_bM26
100 _aMardones, Rodrigo
_eAUT
245 0 _aFraternidad y educación:
_bun principio para la formación ciudadana y la convivencia democrática
260 _c2012
300 _a285 páginas :
_c20 cm.
650 _aGEN
654 _aCED
942 _cLIB
_dJUS
_fJUS
_2ddc
_n
999 _c8169
_d8169